| 000 | 00421nam a22001697a 4500 | ||
|---|---|---|---|
| 003 | MPLRDC | ||
| 005 | 20220104151131.0 | ||
| 008 | 210129b ||||| |||| 00| 0 eng d | ||
| 082 | _a873.57 AEBL | ||
| 100 | _a特德.奥尔布里 | ||
| 245 |
_a雾都谍影 _c章明译 |
||
| 250 | _a初版 | ||
| 260 |
_a _b天地图书有限公司 _c1979 |
||
| 300 | _b平 | ||
| 650 | _a英国现代小说 | ||
| 942 |
_cBK _o873.57 AEBL |
||
| 999 |
_c52217 _d52207 |
||